000 00352 a2200157 4500
001 61426
020 _a8570565976
040 _cAnchieta - Pituba
100 _aTrambaiolli Neto, EgĂ­dio
240 1 0 _aAlimentos em pratos limpos
_lpor
245 1 0 _aAlimentos em pratos limpos
300 _a38
362 0 _a1994
650 4 _aAlimentos
942 _cBK
999 _c61426
_d61426